[Event "AUTO-ADV-4656"]
[Site "http://www.queenalice.com/game.php?id=1809792"]
[Date "2023.4.12"]
[Round "2"]
[White "o3bor52"]
[Black "pomar"]
[Result "0-1"]
[WhiteElo "1933"]
[BlackElo "1953"]

1. e4 e6 2. Qe2 c5 3. g3 Nc6 4. Nf3 d5 5. exd5 Qxd5 6. Nc3 Qf5 7. d3 Nf6 8. a3
Bd7 9. Bg2 Nd4 10. Nxd4 cxd4 11. Nd1 Be7 12. O-O Bc6 13. Bxc6+ bxc6 14. f3 O-O
15. b3 Bd6 16. Bb2 c5 17. g4 Qg5 18. Bc1 Bf4 19. Bxf4 Qxf4 20. Qg2 e5 21. Nf2 h5
22. Nh3 Qe3+ 23. Kh1 hxg4 24. fxg4 Nd7 25. Rae1 Qh6 26. g5 Qg6 27. Re4 Rae8 28.
Ng1 f5 29. Rh4 Kf7 30. Rf3 Rh8 31. Rfh3 Rxh4 32. Rxh4 e4 33. Nh3 e3 34. Nf4 Qd6
35. g6+ Ke7 36. Nd5+ Kd8 37. Nf4 Nb6 38. Qg5+ Kc8 39. Qxf5+ Kb8 40. Ne2 Rf8 41.
Qh3 Qc6+ 42. Re4 Nd5 43. Qg3+ Kb7 44. Qe1 Qxg6 45. h3 Rf2 46. Rg4 Qf6 47. Kg1
Qe5 48. Rg2 Rxg2+ 49. Kxg2 Qg5+ 50. Qg3 Qf6 51. Qf3 Qg5+ 52. Qg3 Qxg3+ 53. Kxg3
Kc6 54. Kf3 Nf6 55. c4 Kd6 56. b4 Nd7 57. b5 Ne5+ 58. Ke4 Nf7 59. h4 Ke6 60. a4
Nd6+ 61. Kf4 Nb7 62. Kg5 Kf7 63. h5 Na5 64. h6 gxh6+ 65. Kxh6 Nxc4 66. Kg5 Nb2
67. a5 Nxd3 68. Kf5 Nb4 69. Ke4 Ke6 70. Nf4+ Kd6 71. Ne2 Nd5 72. Kd3 Nc7 73. Kc4
a6 74. b6 Ne6 75. Nc1 Nf4 76. b7 Kc7 77. Kxc5 d3 78. b8=Q+ Kxb8 79. Nxd3 Nxd3+
80. Kd4 e2 81. Kxd3 e1=Q 0-1

[Event "AUTO-ADV-4656"]
[Site "http://www.queenalice.com/game.php?id=1809793"]
[Date "2023.4.12"]
[Round "2"]
[White "pomar"]
[Black "o3bor52"]
[Result "1-0"]
[WhiteElo "1976"]
[BlackElo "1952"]

1. f3 d6 2. Kf2 e5 3. e3 f5 4. c4 Nf6 5. Nc3 c5 6. g3 g5 7. d4 b6 8. dxe5 dxe5
9. Qxd8+ Kxd8 10. Bd3 Be6 11. h3 Nbd7 12. e4 f4 13. gxf4 gxf4 14. Nge2 Rg8 15.
Bd2 a6 16. h4 h5 17. Rag1 Kc7 18. Nd5+ Nxd5 19. cxd5 Bf7 20. Rg5 Bd6 21. Rhg1
Rxg5 22. Rxg5 a5 23. Rg7 Rf8 24. Nc3 Nf6 25. Nb5+ Kd7 26. Na7 Ne8 27. Bb5+ Ke7
28. Bxe8 Kxe8 29. Rg5 Rg8 30. Nc8 Rxg5 31. Nxd6+ Ke7 32. Nxf7 Rg3 33. Nxe5 Kd6
34. Bxf4 Rh3 35. Nc4+ Ke7 36. Nxb6 Rh1 37. Nc4 Rxh4 38. Bg3 Rh1 39. Nxa5 Ra1 40.
a3 Rc1 41. b4 Rc2+ 42. Ke1 Rc3 43. bxc5 Rxc5 44. Nc6+ Kd7 45. a4 Rc1+ 46. Kf2
Rc2+ 47. Ke3 Rc3+ 48. Kf4 Ra3 49. a5 Ra4 50. Kg5 Ra3 51. Kxh5 Rxf3 52. Kg4 Ra3
53. a6 Kc8 54. a7 Kb7 55. Bd6 Ra4 56. Kf5 Rxa7 57. Nxa7 Kxa7 58. e5 Kb7 59. e6
Kc8 60. Kf6 Kd8 61. Kf7 1-0

[Event "= ^_^ ="]
[Site "http://www.queenalice.com/game.php?id=1813498"]
[Date "2023.6.9"]
[Round "-"]
[White "cerenzo72"]
[Black "o3bor52"]
[Result "1-0"]
[WhiteElo "2134"]
[BlackElo "1929"]

1. c4 c5 2. Nf3 Nc6 3. e3 g6 4. d4 cxd4 5. exd4 Bg7 6. Nc3 e5 7. d5 e4 8. Nxe4
Ne5 9. Nd6+ Kf8 10. Be2 Nxf3+ 11. Bxf3 Qe7+ 12. Ne4 d6 13. O-O Be5 14. Bg5 f6
15. Bh4 Bxb2 16. Rb1 Be5 17. Bg3 Bf5 18. Re1 Bxe4 19. Bxe4 Nh6 20. Qd3 b6 21. f4
f5 22. Bf3 Nf7 23. fxe5 Rd8 24. exd6 Qd7 25. Re7 Qa4 26. Qd4 Rg8 27. Qf6 Rg7 28.
Be5 1-0

[Event "AUTO-ADV-4708"]
[Site "http://www.queenalice.com/game.php?id=1814142"]
[Date "2023.6.17"]
[Round "1"]
[White "saida"]
[Black "o3bor52"]
[Result "0-1"]
[WhiteElo "1644"]
[BlackElo "1915"]

1. e4 c5 2. Nf3 a6 3. d4 cxd4 4. Nxd4 e5 5. Nf3 d6 6. Be2 h6 7. O-O Be7 8. Nc3
Nf6 9. Be3 O-O 10. Bc4 b5 11. Bd5 Nxd5 12. Nxd5 Nd7 13. Qd3 Nf6 14. Nxf6+ Bxf6
15. Rfd1 Be7 16. Nd2 Be6 17. f4 Bg4 18. Nf3 Bxf3 19. gxf3 f6 20. f5 Qc7 21. Rac1
Qc4 22. Qxc4+ bxc4 23. f4 Rab8 24. b3 c3 25. Rd5 Rb5 26. Rcd1 Rd8 27. Rxb5 axb5
28. Rd5 Ra8 29. Rxb5 Rxa2 30. Rb7 Kf7 31. Rc7 Rxc2 32. b4 Rb2 33. Rxc3 Rxb4 34.
fxe5 fxe5 35. Bf2 Rxe4 36. Rf3 Bh4 37. Bb6 Re1+ 38. Kg2 Re2+ 39. Bf2 Bxf2 40.
Rxf2 Rxf2+ 41. Kxf2 Kf6 42. Kf3 Kxf5 0-1

[Event "AUTO-ADV-4708"]
[Site "http://www.queenalice.com/game.php?id=1814143"]
[Date "2023.6.17"]
[Round "1"]
[White "o3bor52"]
[Black "saida"]
[Result "0-1"]
[WhiteElo "1929"]
[BlackElo "1650"]

1. f3 d5 2. Kf2 e5 3. c3 Bc5+ 4. d4 Bb6 5. e3 Nf6 6. Ne2 O-O 7. dxe5 Nfd7 8. f4
f6 9. Qxd5+ Kh8 10. Nd4 c6 11. Qb3 Nc5 12. Qc2 g6 13. Nf3 fxe5 14. Nxe5 Bf5 15.
Qe2 Ne4+ 16. Kg1 Nd7 17. g4 Be6 18. g5 Nxe5 19. fxe5 Qxg5+ 20. Bg2 Rf2 21. Qxf2
Nxf2 22. Kxf2 Rf8+ 23. Bf3 Bd5 24. Na3 Rxf3+ 0-1

[Event "AUTO-ADV-4708"]
[Site "http://www.queenalice.com/game.php?id=1814154"]
[Date "2023.6.17"]
[Round "1"]
[White "The_knight"]
[Black "o3bor52"]
[Result "1-0"]
[WhiteElo "2024"]
[BlackElo "1936"]

1. d4 c6 2. e4 d6 3. c4 e6 4. Nc3 d5 5. Nf3 Bb4 6. Bd3 Bxc3+ 7. bxc3 Ne7 8. O-O
O-O 9. e5 b5 10. Bxh7+ Kh8 11. Ng5 g6 12. Qf3 Ng8 13. Qh3 1-0

[Event "AUTO-ADV-4708"]
[Site "http://www.queenalice.com/game.php?id=1814155"]
[Date "2023.6.17"]
[Round "1"]
[White "o3bor52"]
[Black "The_knight"]
[Result "0-1"]
[WhiteElo "1924"]
[BlackElo "2133"]

1. Nf3 d5 2. b4 Nf6 3. d3 e5 4. a3 Nbd7 5. Bb2 e4 6. dxe4 dxe4 7. Bxf6 Qxf6 8.
Qd4 exf3 9. Qxf6 Nxf6 10. exf3 a5 11. b5 Bf5 12. Bd3 Bxd3 13. cxd3 O-O-O 14. O-O
Rxd3 15. Ra2 Bd6 16. a4 Bb4 17. h3 Rhd8 18. Kh1 Rd1 19. Rxd1 Rxd1+ 20. Kh2 Rxb1
21. g3 Kb8 22. Re2 Ra1 23. Re7 Bxe7 0-1

[Event "AUTO-ADV-4708"]
[Site "http://www.queenalice.com/game.php?id=1814160"]
[Date "2023.6.17"]
[Round "1"]
[White "Tonto"]
[Black "o3bor52"]
[Result "0-1"]
[WhiteElo "1816"]
[BlackElo "1902"]

1. Nf3 Nc6 2. c4 e5 3. Nc3 g6 4. e4 Nf6 5. Be2 Bg7 6. d3 O-O 7. O-O d6 8. Bg5
Be6 9. a3 Qc8 10. b4 Nd4 11. Nxd4 exd4 12. Nb5 Nd7 13. a4 a6 14. Na3 c5 15. Be7
Re8 16. Bxd6 Qc6 17. Bg3 cxb4 18. Nb1 a5 19. Nd2 Qc5 20. Bg4 Nf8 21. Nf3 Bxg4
22. h3 Bxf3 23. Qxf3 Be5 24. Rfe1 f6 25. Qg4 b6 26. f4 h5 27. Qf3 Bc7 28. f5
Bxg3 29. Qxg3 g5 30. Qf3 h4 31. Re2 Re5 32. Rf1 Ra7 33. g3 Rh7 34. Qg2 Rg7 35.
Rf3 Nd7 36. gxh4 gxh4 37. Qxg7+ Kxg7 38. Rg2+ Kf7 39. Rf4 Re8 40. Rxh4 Rf8 41.
Rh7+ Ke8 42. Rgg7 Qd6 43. Kg2 b3 44. Kf3 b2 45. c5 b1=Q 46. cxd6 Ne5+ 47. Kf2
Nxd3+ 48. Kg2 Qa2+ 49. Kh1 Nf2+ 50. Kg2 Nxe4+ 51. Kg1 Qxa4 52. Rb7 Rg8+ 53. Kf1
Qd1# 0-1

[Event "AUTO-ADV-4708"]
[Site "http://www.queenalice.com/game.php?id=1814161"]
[Date "2023.6.17"]
[Round "1"]
[White "o3bor52"]
[Black "Tonto"]
[Result "1-0"]
[WhiteElo "1916"]
[BlackElo "1842"]

1. f4 Nc6 2. d3 Nf6 3. e3 e5 4. e4 Bc5 5. Ne2 d5 6. h3 dxe4 7. fxe5 Nxe5 8. d4
Bb4+ 9. Nbc3 Nd5 10. dxe5 Qh4+ 11. g3 Qh5 12. Qxd5 f5 13. Qb5+ c6 14. Qxb4 Qg6
15. Bf4 Qf7 16. O-O-O b6 17. Qd4 O-O 18. Bg2 c5 19. Qg1 Be6 20. Kb1 a6 21. Nc1
Rad8 22. Qf2 h6 23. Rxd8 Rxd8 24. Rd1 Rc8 25. h4 b5 26. Nxe4 fxe4 27. Bxe4 a5
28. Qd2 b4 29. Qd8+ Qf8 30. Qxa5 c4 31. Bd5 Bxd5 32. Qxd5+ Kh8 33. Qd4 c3 34. b3
Qe7 35. h5 Qc7 36. e6 Qa5 37. Bxh6 Rg8 38. Bxg7+ Rxg7 39. h6 1-0

[Event "Challenge"]
[Site "http://www.queenalice.com/game.php?id=1819099"]
[Date "2023.8.19"]
[Round "-"]
[White "o3bor52"]
[Black "jorm"]
[Result "0-1"]
[WhiteElo "1873"]
[BlackElo "1820"]

1. c3 e5 2. e4 a6 3. Nf3 Nc6 4. d4 exd4 5. cxd4 d5 6. e5 h6 7. h3 Be6 8. a3 Be7
9. Be2 f6 10. Be3 Qd7 11. O-O f5 12. Bf4 O-O-O 13. Nbd2 g5 14. Bh2 h5 15. Nb3 g4
16. Ne1 h4 17. Bf4 gxh3 18. gxh3 Bf8 19. Bf3 b6 20. Ng2 Qe8 21. Kh1 Bh6 22. Bh2
Bg5 23. Nf4 Bf7 24. Bg2 Nge7 25. e6 Bg6 26. Qd3 Nb8 27. Nxg6 Nxg6 28. Qxf5 Be7
29. Bxd5 Rf8 30. Rac1 Bd6 31. Qc2 Bxh2 32. Kxh2 c6 33. Bxc6 Nxc6 34. Qxc6+ Qxc6
35. Rxc6+ Kb7 36. Rc2 Rd5 37. Rfc1 Re8 38. Rc7+ Kb8 39. R7c6 Rb5 40. R1c2 Rxb3
41. d5 Ne7 42. Rd6 Rc8 43. Rxc8+ Kxc8 44. Rd7 Ng8 45. Rf7 Kd8 46. Rf8+ Ke7 47.
Rxg8 Rxb2 48. Rg7+ Kf8 49. Rf7+ Ke8 50. Kg2 Re2 51. Rh7 Re5 52. Rd7 a5 53. Rb7
Rxd5 54. Rxb6 Ke7 55. a4 Rd4 56. Kf3 Rxa4 57. Ra6 Kf6 58. Kg2 Ra2 59. e7+ Kxe7
60. Rh6 Ra4 61. Rh7+ Kd6 62. Kf3 Rb4 63. Rh5 a4 64. Ra5 Rb3+ 65. Kg2 a3 66. Ra6+
Kc5 67. Rh6 Kb5 0-1

[Event "AUTO-ADV-4727"]
[Site "http://www.queenalice.com/game.php?id=1819758"]
[Date "2023.8.28"]
[Round "1"]
[White "Daniel1962"]
[Black "o3bor52"]
[Result "0-1"]
[WhiteElo "1736"]
[BlackElo "1920"]

1. d4 e6 2. c4 c5 3. d5 exd5 4. cxd5 d6 5. Bf4 Nf6 6. e3 a6 7. Nf3 Be7 8. Bd3
O-O 9. Qc2 b5 10. Ng5 g6 11. Nc3 Nh5 12. g4 Nxf4 13. exf4 Bxg5 14. fxg5 Re8+ 15.
Ne2 Qxg5 16. f3 Bb7 17. h4 Qe3 18. Be4 Nd7 19. g5 c4 20. h5 Qxg5 21. hxg6 fxg6
22. Rg1 Qh4+ 23. Ng3 Bxd5 24. O-O-O Qf4+ 25. Kb1 Bxe4 26. fxe4 Nc5 27. Rdf1 Qh6
28. Qf2 Rf8 29. Nf5 Qh5 30. Ne7+ Kg7 31. Qd4+ Qe5 32. Qxe5+ dxe5 33. Rd1 Nd3 34.
Nf5+ Kf6 35. Ne3 Ke6 36. Nc2 Ra7 37. Nb4 Nxb4 38. a3 Nd3 39. Kc2 Kd6 40. Kc3 a5
41. b3 Kc5 42. b4+ axb4+ 43. axb4+ Nxb4 44. Rg5 Ra3+ 45. Kb2 Rf2+ 46. Kb1 Rb3+
0-1

[Event "AUTO-ADV-4727"]
[Site "http://www.queenalice.com/game.php?id=1819759"]
[Date "2023.8.28"]
[Round "1"]
[White "o3bor52"]
[Black "Daniel1962"]
[Result "0-1"]
[WhiteElo "1921"]
[BlackElo "1718"]

1. g3 e5 2. Bg2 d5 3. d3 d4 4. e4 dxe3 5. Bxe3 c6 6. a3 Nf6 7. h3 Be6 8. Nc3
Nbd7 9. Nge2 Bc5 10. Qd2 Bxe3 11. fxe3 Qb6 12. O-O-O O-O 13. g4 a5 14. Rhf1 Nc5
15. Ng3 Nd5 16. Nge4 Nxe4 17. Nxd5 Bxd5 18. Bxe4 Bxe4 19. dxe4 c5 20. Qc3 Qc7
21. Rd5 b6 22. Qxe5 Qxe5 23. Rxe5 c4 24. c3 h6 25. Rd5 Rfe8 26. e5 Rab8 27. Rb5
g5 28. Rf6 Kg7 29. Kd2 Red8+ 30. Ke2 Rb7 31. Rfxb6 Rbd7 32. Rd6 Rxd6 33. exd6
Rxd6 34. Rxa5 Kg6 35. Rc5 Rb6 36. Rxc4 Rxb2+ 37. Kf1 Rh2 38. a4 Rxh3 39. Ke2 Rh4
40. a5 h5 41. Rc6+ Kg7 42. gxh5 Rxh5 43. a6 g4 44. a7 Ra5 45. Rc4 f5 46. Rc7+
Kf6 47. Kf2 Kg5 48. Kg3 Kf6 49. Rc6+ Kf7 50. Rc7+ Kf6 51. c4 Ke6 52. c5 Kd5 53.
Kf4 Ke6 54. Rc6+ Kd5 55. Rf6 Ra4+ 56. Kg5 g3 57. Rxf5+ Kc6 58. Rf3 g2 59. Rg3
Rxa7 60. Kf4 Kxc5 61. Rxg2 Kd5 62. Rg5+ Ke6 63. e4 Rf7+ 64. Ke3 Rf1 65. Ra5 Re1+
66. Kd3 Rxe4 67. Re5+ Rxe5 0-1

[Event "AUTO-ADV-4727"]
[Site "http://www.queenalice.com/game.php?id=1819775"]
[Date "2023.8.28"]
[Round "1"]
[White "o3bor52"]
[Black "Canaye"]
[Result "1-0"]
[WhiteElo "1916"]
[BlackElo "1774"]

1. f3 e6 2. Kf2 d5 3. e3 c5 4. b3 Nc6 5. Bb2 Nf6 6. Bb5 Bd7 7. Bxc6 Bxc6 8. d3
Be7 9. Nd2 O-O 10. Ne2 Rc8 11. c4 dxc4 12. Nxc4 b5 13. Ne5 Bb7 14. d4 c4 15.
bxc4 bxc4 16. Nc3 Re8 17. a3 Bd6 18. Qe2 Bxe5 19. dxe5 Nd5 20. Nxd5 1-0

[Event "AUTO-ADV-4727"]
[Site "http://www.queenalice.com/game.php?id=1819786"]
[Date "2023.8.28"]
[Round "1"]
[White "o3bor52"]
[Black "Capixabba789"]
[Result "1-0"]
[WhiteElo "1908"]
[BlackElo "1804"]

1. f3 d5 2. Kf2 e5 3. e3 Nc6 4. Bb5 Bd7 5. c3 f5 6. Bxc6 Bxc6 7. d3 Nf6 8. Nd2
Bd6 9. Ne2 O-O 10. Qc2 a6 11. a4 e4 12. dxe4 fxe4 13. h3 Qe7 14. b4 Qe5 15. f4
Qh5 16. Ng3 Qh4 17. Nf1 Nh5 18. Qe2 Rf7 19. Qe1 Raf8 20. Kg1 Nxg3 21. Qxg3 Qf6
22. Bb2 Qe6 23. Qg4 Qe8 24. a5 Rf6 25. Qe2 Qg6 26. g4 R6f7 27. Ra2 Bb5 28. Qd1
Bd3 29. Bc1 Qf6 30. Qe1 c5 31. Rf2 c4 32. Bd2 Be7 33. g5 Qf5 34. Ng3 Qd7 35.
Rhh2 g6 36. Rfg2 Qe6 37. h4 b5 38. Nh1 Qf5 39. Nf2 Bc2 40. Ng4 Bd3 41. Ne5 Rg7
42. Nxd3 cxd3 43. Qg3 Kh8 44. h5 Bxg5 45. Qxg5 Qe6 46. Qe5 Qxe5 47. fxe5 gxh5
48. Rxg7 Kxg7 49. Rf2 Re8 50. Rf6 Rxe5 51. Rxa6 1-0

[Event "AUTO-ADV-4727"]
[Site "http://www.queenalice.com/game.php?id=1819787"]
[Date "2023.8.28"]
[Round "1"]
[White "Capixabba789"]
[Black "o3bor52"]
[Result "1-0"]
[WhiteElo "1878"]
[BlackElo "1926"]

1. e4 e6 2. f4 a6 3. Nf3 c5 4. d4 cxd4 5. Nxd4 Bc5 6. Nc3 b5 7. Be3 Ba7 8. Bd3
Ne7 9. Qe2 Nbc6 10. Nxc6 Nxc6 11. Bxa7 Rxa7 12. O-O O-O 13. e5 Bb7 14. Ne4 Nd4
15. Qf2 Nf5 16. a3 Qa8 17. Rae1 Bxe4 18. Bxe4 Qb8 19. Qf3 g6 20. Bxf5 exf5 21.
Rd1 Qc8 22. c3 Rd8 23. Rd6 Kg7 24. Rfd1 Rc7 25. Qd3 h6 26. Qd4 Kh7 27. Qd5 Kg7
28. Rf6 Rf8 29. Rd6 Rd8 30. Qd4 Rc4 31. Qe3 Qb7 32. Qd3 Qa7+ 33. Kh1 Rc7 34. Qd5
Qb7 35. Qd4 Qc8 36. e6+ f6 37. e7 Re8 38. Qxf6+ 1-0

[Event "AUTO-ADV-4742"]
[Site "http://www.queenalice.com/game.php?id=1824011"]
[Date "2023.10.27"]
[Round "1"]
[White "chessman"]
[Black "o3bor52"]
[Result "1/2-1/2"]
[WhiteElo "1943"]
[BlackElo "1855"]

1. e4 g6 2. d4 Bg7 3. Nf3 e6 4. Bd3 d6 5. c3 a6 6. O-O b6 7. Re1 Bb7 8. Nbd2 Ne7
9. Nf1 O-O 10. h3 h6 11. Bd2 Kh7 12. a3 Nd7 13. Ng3 Ng8 14. Qe2 c5 15. Rad1 b5
16. Be3 c4 17. Bb1 Re8 18. Nh2 Ndf6 19. f3 Qc7 20. Bf4 e5 21. dxe5 dxe5 22. Bc1
Rad8 23. Nhf1 Nd7 24. Kh1 Nf8 25. Rxd8 Rxd8 26. Rd1 Rd7 27. Rxd7 Qxd7 28. Qd2
Qe7 29. Ne3 Nf6 30. Nd5 Nxd5 31. exd5 Qd6 32. Ne4 Qxd5 33. Qxd5 Bxd5 34. Kg1 g5
35. Nf6+ Kh8 36. Nxd5 Nd7 37. Nc7 Nb8 38. Be4 Bf8 39. Be3 Bd6 40. Nd5 Nd7 41.
Ba7 Bc5+ 42. Bxc5 Nxc5 43. Nc7 Kg7 44. Kf2 Kf8 45. Ke3 h5 46. Bc2 h4 47. Kd2 Ke7
48. Nd5+ Ke6 49. Ne3 f6 50. Bf5+ Kf7 51. Nd5 Nb3+ 52. Ke3 Nc5 53. Nc7 Ke7 54.
Nd5+ Kf7 55. Nb6 Ke7 56. Nd5+ Kf7 1/2-1/2

[Event "AUTO-ADV-4742"]
[Site "http://www.queenalice.com/game.php?id=1824012"]
[Date "2023.10.27"]
[Round "1"]
[White "o3bor52"]
[Black "chessman"]
[Result "0-1"]
[WhiteElo "1885"]
[BlackElo "1986"]

1. e4 e6 2. a3 d5 3. exd5 exd5 4. h3 Nf6 5. d4 Be7 6. Nf3 O-O 7. Bd3 a6 8. O-O
c6 9. Be3 Re8 10. c4 Nbd7 11. c5 Nf8 12. Nbd2 h6 13. Re1 Be6 14. Nf1 Qc7 15. Ng3
Rad8 16. Bf5 Bxf5 17. Nxf5 Ng6 18. Nxe7+ Rxe7 19. b4 Ne4 20. Qc2 Rde8 21. Qb2 f5
22. Ne5 Nxe5 23. dxe5 Qxe5 24. Bd4 Qf4 25. Re2 Qg5 26. Rae1 f4 27. f3 Ng3 28.
Re5 Rxe5 29. Rxe5 Rxe5 30. Bxe5 h5 31. Bd4 Qg6 32. Qd2 Qb1+ 0-1

[Event "AUTO-ADV-4742"]
[Site "http://www.queenalice.com/game.php?id=1824025"]
[Date "2023.10.27"]
[Round "1"]
[White "Canaye14"]
[Black "o3bor52"]
[Result "1-0"]
[WhiteElo "1750"]
[BlackElo "1907"]

1. d4 g6 2. Bf4 d6 3. e3 a6 4. Be2 Bg7 5. c4 e6 6. Nc3 Nd7 7. Nf3 b6 8. Qc2 h6
9. O-O Bb7 10. h3 Ne7 11. Rad1 Nf6 12. e4 d5 13. e5 Ne4 14. Nxe4 dxe4 15. Nh2 g5
16. Be3 Nf5 17. Bc1 Qd7 18. d5 O-O-O 19. dxe6 Qxe6 20. f4 Qg6 21. Rxd8+ Rxd8 22.
Ng4 Nd4 23. Qd1 Nxe2+ 24. Qxe2 gxf4 25. Bxf4 h5 26. Nf2 Rg8 27. Nd1 Bf8 28. Ne3
Bc5 29. Kh2 Bxe3 30. Bxe3 Kb8 31. b4 Bc8 32. a4 h4 33. c5 Qg3+ 34. Kh1 Qxe5 35.
cxb6 c6 36. Bf4 Qxf4 37. Rxf4 f5 38. b5 axb5 39. axb5 c5 40. Qc4 Rg7 41. Qxc5
Rb7 42. Rxh4 f4 43. Rh8 1-0

[Event "AUTO-ADV-4742"]
[Site "http://www.queenalice.com/game.php?id=1824026"]
[Date "2023.10.27"]
[Round "1"]
[White "o3bor52"]
[Black "Canaye14"]
[Result "1-0"]
[WhiteElo "1897"]
[BlackElo "1740"]

1. e4 e6 2. a3 d5 3. e5 h5 4. d4 c5 5. c3 Nc6 6. Be3 cxd4 7. cxd4 Be7 8. g3 g5
9. h3 Bd7 10. Ne2 f6 11. f4 f5 12. Bg2 Qa5+ 13. Nbc3 gxf4 14. Nxf4 O-O-O 15.
Nxh5 Be8 16. Nf4 Bd7 17. O-O Rf8 18. Ng6 Nh6 19. Nxf8 Bxf8 20. b4 Qd8 21. Bf4
Rg8 22. Rf3 Nf7 23. h4 Ne7 24. Ne2 Ng6 25. Rc1+ Kb8 26. Be3 Bb5 27. Nf4 Bc4 28.
Nxe6 Qe7 29. Nf4 Nxh4 30. gxh4 Qxh4 31. Rh3 Qg5 32. Qd2 Nh6 33. Ne6 Qg4 34. Nf4
Nf7 35. Kf2 Bh6 36. Bf3 Qg7 37. Ne6 Bxe3+ 38. Qxe3 Qg6 39. Nf4 Qg7 40. Bxd5 Bxd5
41. Rg3 Qf8 42. Nxd5 Nd8 43. Rxg8 Qxg8 44. Ne7 Qa2+ 45. Kf3 Ne6 46. Rc8# 1-0

[Event "AUTO-ADV-4742"]
[Site "http://www.queenalice.com/game.php?id=1824035"]
[Date "2023.10.27"]
[Round "1"]
[White "o3bor52"]
[Black "matamuff"]
[Result "0-1"]
[WhiteElo "1834"]
[BlackElo "1798"]

1. e4 Nf6 2. d3 d5 3. Nd2 c6 4. Be2 dxe4 5. dxe4 Qc7 6. Ngf3 e5 7. O-O h6 8. h3
Be6 9. b3 Nbd7 10. a3 Be7 11. Bb2 Bd6 12. Re1 Nf8 13. Bc4 Rd8 14. Bd3 Ng6 15.
Nf1 O-O 16. Ng3 Qc8 17. Kh2 Bc7 18. Ng1 Bb6 19. Rf1 Bg4 20. f3 Be6 21. N1e2 Bc7
22. c4 Qd7 23. Nc1 Nf4 24. Bc2 Qc8 25. Nd3 Nxg2 26. Bc1 Bxh3 27. Rf2 Nh4 28. Bb2
Ng6 29. Qh1 Bg4 30. c5 Be6 31. Kg2 Rxd3 32. Bxd3 Nf4+ 33. Kh2 Nxd3 34. Rd2 Nxc5
35. Re2 Nd3 36. b4 Nf4 37. Rd2 Bc4 38. Nf5 Qe6 39. Qg1 N6h5 40. Kh1 Qf6 41. Rh2
Be6 42. Bc1 Bxf5 43. exf5 Qxf5 44. Bxf4 Qxf4 45. Qg4 Ng3+ 46. Kg1 Qxg4 47. fxg4
e4 48. Rd2 e3 49. Rd7 Ne2+ 50. Kf1 Be5 51. Re1 Ng3+ 52. Kg2 e2 53. Rd3 Bb8 54.
Re3 h5 55. Rxg3 Bxg3 56. Rxe2 h4 57. Re7 Rb8 58. Rd7 a6 59. Rd2 b5 60. Rc2 Rc8
61. Rc3 Kf8 62. Rc5 f6 63. a4 Ke7 64. g5 Ke6 65. gxf6 gxf6 66. Kf3 Kd6 67. a5
Re8 68. Rf5 Re6 69. Rc5 Re5 70. Rc1 f5 71. Rh1 f4 72. Rd1+ Rd5 0-1

[Event "AUTO-ADV-4742"]
[Site "http://www.queenalice.com/game.php?id=1824036"]
[Date "2023.10.27"]
[Round "1"]
[White "matamuff"]
[Black "o3bor52"]
[Result "1-0"]
[WhiteElo "1815"]
[BlackElo "1817"]

1. e4 g6 2. d4 Bg7 3. e5 e6 4. Nf3 d5 5. g3 a6 6. Bg2 h6 7. O-O Nd7 8. c3 Ne7 9.
Na3 O-O 10. Nc2 c5 11. Rb1 c4 12. Ne3 Kh7 13. Ng4 Ng8 14. Qc2 b6 15. Bf4 b5 16.
Qc1 h5 17. Ng5+ Kh8 18. Nxe6 fxe6 19. Nh6 Rxf4 20. Qxf4 Bxh6 21. Qf7 Qe7 22.
Qxg6 Nf8 23. Qxh5 Qg5 24. Qxg5 Bxg5 25. h4 Be7 26. f4 Ra7 27. Kf2 Kg7 28. Rh1
Nh6 29. Bh3 Kf7 30. Kf3 Ke8 31. h5 Bd8 32. g4 Rf7 33. Kg3 Rg7 34. Rbg1 Nf5+ 35.
Kf3 Nh6 36. Rg2 Nh7 37. g5 Nf5 38. Bxf5 exf5 39. a3 Be6 40. Rhg1 a5 41. Rg3 Nf8
42. Ke3 Kd7 43. Kf3 Kc6 44. Ke3 a4 45. R1g2 Bg8 46. Kd2 Ne6 47. Rf2 Nf8 48. Rfg2
Ne6 49. Ke3 Nf8 50. Kf3 Ne6 51. Ke3 Kd7 52. Rg1 Kc6 53. R3g2 Rh7 54. g6 Rxh5 55.
Kf3 Rh4 56. Rg3 Rxf4+ 57. Ke3 Re4+ 58. Kd2 f4 59. Rg4 Ng7 60. Rh1 Be6 61. Rgg1
Nf5 62. g7 Ne7 63. Rf1 Nf5 64. Rhg1 Ng3 65. Rf3 Bg5 66. Rg2 Nf1+ 67. Rxf1 Bh6
68. Rg6 Bxg7 69. Rxe6+ Kd7 70. Rg6 1-0

[Event "AUTO-ADV-4727"]
[Site "http://www.queenalice.com/game.php?id=1831781"]
[Date "2024.2.16"]
[Round "2"]
[White "o3bor52"]
[Black "Tonto"]
[Result "0-1"]
[WhiteElo "1841"]
[BlackElo "2067"]

1. c4 b6 2. Nc3 Bb7 3. e4 e5 4. g3 Nf6 5. Bg2 Bc5 6. Nf3 d6 7. O-O Nxe4 8. Nxe4
Bxe4 9. d3 Bc6 10. Be3 O-O 11. Bxc5 bxc5 12. Re1 Na6 13. a3 Re8 14. Nd2 Bxg2 15.
Kxg2 c6 16. Qf3 d5 17. b3 Nc7 18. Qd1 Qf6 19. Rb1 Ne6 20. a4 Ng5 21. h4 Ne6 22.
Kg1 Nd4 23. Kg2 Qf5 24. Nf3 Nxf3 25. Qxf3 Qxf3+ 26. Kxf3 a5 27. Kg2 Rab8 28. f3
f5 29. Re2 e4 30. Kf2 exd3 31. Rxe8+ Rxe8 32. Re1 Rb8 33. Rb1 dxc4 34. Ke3 Rb4
35. Kd2 cxb3 36. Kxd3 c4+ 37. Kc3 Rxa4 38. Rb2 Kf7 39. f4 Ke6 40. Re2+ Kf6 41.
h5 g6 42. hxg6 hxg6 43. Rh2 c5 44. Re2 Ra1 45. Rb2 Rc1+ 46. Kd2 Rg1 47. Kc3 a4
48. Kxc4 a3 49. Rxb3 a2 50. Ra3 a1=Q 51. Rxa1 Rxa1 52. Kxc5 Ra3 53. Kd4 Rxg3 0-1

[Event "AUTO-ADV-4727"]
[Site "http://www.queenalice.com/game.php?id=1831782"]
[Date "2024.2.16"]
[Round "2"]
[White "Tonto"]
[Black "o3bor52"]
[Result "1-0"]
[WhiteElo "2034"]
[BlackElo "1859"]

1. e4 f6 2. Nf3 b6 3. Be2 Bb7 4. d3 e5 5. Nc3 Bb4 6. Bd2 Bxc3 7. Bxc3 d5 8. exd5
Bxd5 9. O-O Nh6 10. h3 Nc6 11. Bd2 Nf7 12. c4 Be6 13. Bc3 Qd7 14. Nh2 O-O-O 15.
Bg4 f5 16. Bh5 g6 17. Bf3 Ng5 18. b4 Qxd3 19. Bxc6 Qxc3 20. Qa4 Qxc4 21. Rfc1
Qxc6 22. Rxc6 Bd7 23. Rac1 Kb8 24. b5 Ne6 25. Nf3 Bc8 26. Qc4 Rd6 27. Rxc7 Rd1+
28. Rxd1 Nxc7 29. Nxe5 Bb7 30. Rd7 Rc8 31. Nc6+ Ka8 32. Rd8 Rxd8 33. Nxd8 Kb8
34. Nc6+ Bxc6 35. bxc6 1-0

[Event "AUTO-ADV-4727"]
[Site "http://www.queenalice.com/game.php?id=1831784"]
[Date "2024.2.16"]
[Round "2"]
[White "Scharlatan"]
[Black "o3bor52"]
[Result "1-0"]
[WhiteElo "2026"]
[BlackElo "1850"]

1. d4 f6 2. e4 d6 3. f4 e6 4. Nf3 Nd7 5. Bd3 e5 6. c3 Nh6 7. O-O Ng8 8. fxe5
dxe5 9. dxe5 Nxe5 10. Nxe5 fxe5 11. Qh5+ Kd7 12. Qxe5 Nf6 13. Rd1 Bd6 14. Bb5+
1-0